Audit Inspections and Findings in Slovakia

Zlepšovanie kvality štatutárneho auditu, keďže štatutárne audity prispievajú k dôveryhodnosti finančných výkazov, ktorých kvalita sa musí neustále zlepšovať a pravidelné kontroly sú vhodné na dosiahnutie dlhodobo vysokej kvality štatutárnych auditov. Kontroly kvality štatutárneho auditu v súvislosti...

Descrizione completa

Salvato in:
Dettagli Bibliografici
Autore principale: Domaracká, Denisa
Natura: Capitolo di libro
Lingua:inglese
Soggetti:
Tags: Aggiungi Tag
Nessun Tag, puoi essere il primo ad aggiungerne!!

MARC

LEADER 00000naa$a2200000$$$4500
001 0288352
005 20240502083921.4
041 0 |a eng 
044 |a CZ 
245 1 0 |a Audit Inspections and Findings in Slovakia  |c Denisa Domaracká 
520 |a Zlepšovanie kvality štatutárneho auditu, keďže štatutárne audity prispievajú k dôveryhodnosti finančných výkazov, ktorých kvalita sa musí neustále zlepšovať a pravidelné kontroly sú vhodné na dosiahnutie dlhodobo vysokej kvality štatutárnych auditov. Kontroly kvality štatutárneho auditu v súvislosti s kontrolami štatutárnych audítorov a audítorských spoločností vykonávaných organizovane a zároveň nezávisle od auditovaných subjektov, so zameraním na Slovensko a na obdobie rokov 2017 – 2020. 
610 2 0 |a audítorstvo 
610 2 0 |a audítori 
610 2 0 |a audit externý 
610 2 0 |a kontrola finančná 
610 2 0 |a kontrola kvality 
610 2 0 |a smernice 
610 2 0 |a Slovensko 
610 2 0 |a Európska únia 
100 1 |a Domaracká, Denisa